Introducción a la didáctica de las ciencias y la matemática.
Uloženo v:
| Hlavní autor: | |
|---|---|
| Další autoři: | |
| Médium: | Kniha |
| Vydáno: |
Buenos Aires, Argentina:
Colihue,
2005.
|
| Vydání: | 1ª ed. |
| Edice: | Nuevos Caminos.
|
| Témata: | |
| Tagy: |
Přidat tag
Žádné tagy, Buďte první, kdo vytvoří štítek k tomuto záznamu!
|
MARC
| LEADER | 00000nam a22000007a 4500 | ||
|---|---|---|---|
| 003 | CL-VaPUC | ||
| 005 | 20240924155824.0 | ||
| 008 | 240904t2005 ||||| |||| 00| 0 eng d | ||
| 999 | |c 444612 |d 444610 | ||
| 020 | |a 959-581-725-8 | ||
| 040 | |c Pontificia Universidad Católica de Valparaíso | ||
| 082 | 0 | 4 | |a 510.7 JOH 2005 |2 21 |
| 100 | 0 | |a Johsua, Samuel |e autor |9 326938 | |
| 245 | 1 | 0 | |a Introducción a la didáctica de las ciencias y la matemática. |
| 250 | |a 1ª ed. | ||
| 260 | |a Buenos Aires, Argentina: |b Colihue, |c 2005. | ||
| 300 | |a 415 páginas. | ||
| 490 | |a Nuevos Caminos. | ||
| 500 | |a c.1 Donación Sr. Carlos Cabezas. MEMO Nº04/24 Biblioteca Matemáticas. | ||
| 583 | |k GC |c 20240904 | ||
| 650 | 0 | |a Matemáticas |x Enseñanza |9 875527 | |
| 650 | 0 | |a Enseñanza de las ciencias |2 CL-VaPUC |9 331919 | |
| 700 | 0 | |a Dupin, Jean-Jacques |e autor |9 326939 | |
| 942 | |c BK |2 ddc | ||
| 952 | |0 0 |1 0 |2 ddc |4 0 |6 510_700000000000000_JOH_2005 |7 0 |8 A |9 596607 |a BIBMAT |b BIBMAT |d 2024-09-04 |e Donación |i 5662630 |o 510.7 JOH 2005 |p 5662630 |r 2025-01-07 |t 1 |w 2024-09-04 |y BK |k MAT | ||